00777nam a22002297a 450000500170000001000370001702000260005403500130008003500190009303700130011203700270012508200150015210000220016724501040018926000390029327000770033230000210040950000500043065000390048065000250051970000030054420100810140720.0 aENG-99172 B-428525-545 c495.00a9788132104001 aEN-82704 a B-428525-545 bDBAD/PUB bResearchco Book Centre a339.460954 aChelliah, Raja J. aPolitical economy of poverty eradication in India and essays on fiscal reform /cby Raja J.Chelliah aNew DelhibSage Publicationsc2010 bNew Delhie110044aB1/I-1 Mohan Cooperative Industrial Area Mathura Road1 a145p.c22cm (Hb) aincludes bibliographical references and index aPoverty - Governemnt policyzIndia aFiscal policyzIndia